00778nam a2200253 a 4500001001300000003000900013005001700022008004100039020001000080082001300090100002200103245004200125260003000167300000800197500003500205505001900240650002700259700002200286902000800308942000700316952009300323952009300416999001500509nice12345678IN_TiNIC20260116011808.0050524s1927 egya grp 000 0 ara  ac10000a248bTRO aTrotter, I Lilias aNoorul Anwar Fi Kashfur Sabatul Asrar aEgyptbMatba-E-Neelc1927 a98p aincludes index and biblioraphy2 aReserve copies aMysticism-Christianity1 aTrotter, I Lilias bSRS cBK 00104070aHMIbHMId0000-00-00g100.00l0o248 TROp5166r0000-00-00w2026-01-16yARB 00104070aHMIbHMId0000-00-00g100.00l0o248 TROp5476r0000-00-00w2026-01-16yARB c4028d4028